00473nam a22001457a 450000500170000000800410001702000150005804100130007308200140008610000320010024500850013226000560021730000290027365000250030220231106101933.0231106b |||||||| |||| 00| 0 eng d a0409111449 aEnglish  a346.5 PLA aSwart, JN et al. lEnglish  aThe Planning and Administration of Estates - An introduction /cJN Swart et al.  aDurban : bButterworth Publishers (Pty) Ltd, c1985 bv, 367 pages ; c25 cm.  aLegal practice bLaw